[Event "5th Solidarity it"]
[Site "Skopje YUG"]
[Date "1971.11.13"]
[Round "1"]
[White "Tringov, Georgi"]
[Black "Damjanovic, Mato"]
[Result "0-1"]
[WhiteElo "2490"]
[BlackElo "2490"]
[EventDate "1971.11.13"]
[PlyCount "84"]
[Source "Perpetual Check"]

1.e4 c5 2.Nf3 Nc6 3.d4 cxd4 4.Nxd4 Qc7 5.Nc3 e6 6.g3 a6 7.Bg2 Nf6 8.O-O 
Be7 9.Nce2 O-O 10.c4 Nxd4 11.Qxd4 e5 12.Qd3 b5 13.cxb5 axb5 14.Bg5 b4 15.
Rfc1 Qb8 16.a4 h6 17.Bxf6 Bxf6 18.h4 Bd8 19.Rc2 Ba6 20.Qd2 Bb6 21.Nc1 Rc8 
22.Bf1 Rxc2 23.Qxc2 Bb7 24.Bc4 Qd6 25.Bd3 Rc8 26.Qe2 Qe6 27.a5 Ba7 28.a6 
Ba8 29.Qf3 Rc6 30.Kg2 Bd4 31.Rb1 Qe8 32.Ne2 Rf6 33.Nxd4 Rxf3 34.Nxf3 Qe7 
35.b3 Qc5 36.Kf1 Kf8 37.Ne1 f5 38.exf5 e4 39.Be2 Qxf5 40.Rb2 e3 41.Bd3 
Qh3+ 42.Ke2 exf2 0-1

[Event "5th Solidarity it"]
[Site "Skopje YUG"]
[Date "1971.11.13"]
[Round "1"]
[White "Bukic, Enver"]
[Black "Westerinen, Heikki"]
[Result "0-1"]
[WhiteElo "2465"]
[BlackElo "2435"]
[EventDate "1971.11.13"]
[PlyCount "86"]
[Source "Perpetual Check"]

1.d4 Nf6 2.c4 c5 3.d5 g6 4.Nc3 Bg7 5.e4 O-O 6.Nf3 d6 7.Be2 e5 8.Bg5 h6 9.
Bh4 g5 10.Bg3 Nh5 11.h4 Nxg3 12.fxg3 g4 13.Nh2 h5 14.Bd3 f5 15.exf5 e4 16.
Nxe4 Bxb2 17.Nxg4 Qa5+ 18.Kf1 hxg4 19.Qxg4+ Bg7 20.Ng5 Qc3 21.Rd1 Qxd3+ 
22.Rxd3 Bxf5 23.Qxf5 Rxf5+ 24.Rf3 Rxg5 25.hxg5 Nd7 26.g6 Ne5 27.Re3 Rf8+ 
28.Ke2 Rf6 29.Re4 Rxg6 30.Rb1 Rxg3 31.Rxb7 Rxg2+ 32.Kf1 Rxa2 33.Rb8+ Kf7 
34.Rd8 Ke7 35.Rg8 Bf6 36.Rb8 Kf7 37.Re3 Nxc4 38.Rb7+ Kg6 39.Rg3+ Kf5 40.
Rf7 Ke5 41.Rh3 Nd2+ 42.Kg1 Ne4 43.Rh5+ Kd4 0-1

[Event "5th Solidarity it"]
[Site "Skopje YUG"]
[Date "1971.11.13"]
[Round "1"]
[White "Janosevic, Dragoljub"]
[Black "Langeweg, Christian"]
[Result "1/2-1/2"]
[WhiteElo "2450"]
[BlackElo "2425"]
[EventDate "1971.11.13"]
[PlyCount "83"]
[Source "Perpetual Check"]

1.e4 c5 2.Nf3 e6 3.d4 cxd4 4.Nxd4 Nc6 5.Nc3 a6 6.Bf4 d6 7.Bg3 Be7 8.Be2 
Qc7 9.Qd2 Nf6 10.O-O-O Nxd4 11.Qxd4 e5 12.Qc4 Qb8 13.f4 b5 14.Qd3 Bb7 15.
Bf3 O-O 16.Rhe1 Qc7 17.Nd5 Nxd5 18.exd5 exf4 19.Bxf4 Rfe8 20.Re2 Bf8 21.
Rde1 Rxe2 22.Rxe2 Bc8 23.Re8 Bb7 24.Rxa8 Bxa8 25.a4 Qa5 26.axb5 axb5 27.
Qc3 Qd8 28.Qb4 Qh4 29.c3 Qe1+ 30.Kc2 Qf2+ 31.Kb1 Qg1+ 32.Ka2 Qb6 33.Bg3 
Bb7 34.c4 Qa6+ 35.Kb3 bxc4+ 36.Qxc4 Qb6+ 37.Qb4 Qe3+ 38.Kc2 Bc8 39.Kb1 
Bf5+ 40.Ka2 Qa7+ 41.Qa3 Qg1 42.Qb4 1/2-1/2

[Event "5th Solidarity it"]
[Site "Skopje YUG"]
[Date "1971.11.13"]
[Round "1"]
[White "Bilek, Istvan"]
[Black "Ilievski, Dimitar"]
[Result "1/2-1/2"]
[WhiteElo "2490"]
[BlackElo "2280"]
[EventDate "1971.11.13"]
[PlyCount "91"]
[Source "Perpetual Check"]

1.c4 Nf6 2.g3 c6 3.Nf3 d5 4.b3 Bf5 5.Bg2 e6 6.O-O Be7 7.Bb2 O-O 8.d3 Nbd7 
9.Nbd2 h6 10.Qc2 a5 11.a3 Bg6 12.Bc3 b5 13.cxb5 cxb5 14.b4 a4 15.Qb2 Rc8 
16.Rac1 Qb6 17.Ne5 Nxe5 18.Bxe5 Bh5 19.Nf3 Bxf3 20.Bxf3 Rfd8 21.e3 Ne8 22.
Bd4 Qb8 23.Be2 Rxc1 24.Rxc1 Rc8 25.Bc5 Bf6 26.d4 Qb7 27.Bd3 g6 28.Qe2 Nd6 
29.Rc2 Be7 30.Bxd6 Bxd6 31.Rxc8+ Qxc8 32.Qc2 Qxc2 33.Bxc2 Kf8 34.Bd3 Ke7 
35.Kf1 e5 36.dxe5 Bxe5 37.Bxb5 Bb2 38.Bxa4 Bxa3 39.b5 Bc5 40.Ke2 Kd6 41.
Bc2 Bb6 42.g4 d4 43.exd4 Bxd4 44.f4 g5 45.Kf3 gxf4 46.h4 1/2-1/2

[Event "5th Solidarity it"]
[Site "Skopje YUG"]
[Date "1971.11.13"]
[Round "1"]
[White "Nicevski, Risto"]
[Black "Rajkovic, Dusan"]
[Result "1-0"]
[WhiteElo "2410"]
[BlackElo "2410"]
[EventDate "1971.11.13"]
[PlyCount "119"]
[Source "Perpetual Check"]

1.e4 g6 2.d4 Bg7 3.Nc3 d6 4.f4 a6 5.Be3 Nf6 6.Nf3 O-O 7.Bd3 Nc6 8.h3 e5 9.
fxe5 dxe5 10.dxe5 Nd7 11.Bg5 Qe8 12.Nd5 Ndxe5 13.Bf6 Qd7 14.O-O Kh8 15.Qd2
Bxf6 16.Nxf6 Nxf3+ 17.Rxf3 Qd4+ 18.Kh1 Kg7 19.Raf1 Be6 20.h4 Rad8 21.h5 
Qe5 22.Qe3 Rd6 23.g4 Qd4 24.Qf4 Qe5 25.Qc1 g5 26.Rf5 Bxf5 27.Rxf5 Qxf5 28.
exf5 Kxf6 29.Qe3 Ne5 30.Qc5 Nxg4 31.Qxc7 Rfd8 32.Qxb7 Nf2+ 33.Kg2 Nxd3 34.
cxd3 Rxd3 35.Qxa6+ Kxf5 36.Kf2 R8d6 37.Qc4 f6 38.Ke2 R3d4 39.Qc2+ Kg4 40.
a4 Kxh5 41.Qxh7+ Kg4 42.Qb7 Rd2+ 43.Ke1 Rd1+ 44.Ke2 R6d2+ 45.Ke3 f5 46.
Qf3+ Kh4 47.Qxf5 g4 48.a5 Rd5 49.Qf6+ Kg3 50.Qf4+ Kh3 51.a6 R1d3+ 52.Ke2 
R3d4 53.Qe3+ Kh4 54.Qh6+ Kg3 55.Qe3+ Kh4 56.a7 Ra4 57.Kf2 Rg5 58.Kg2 Rg6 
59.Qg3+ Kh5 60.Qe5+ 1-0

[Event "5th Solidarity it"]
[Site "Skopje YUG"]
[Date "1971.11.13"]
[Round "1"]
[White "Gufeld, Eduard"]
[Black "Sofrevski, Jovan"]
[Result "1-0"]
[WhiteElo "2520"]
[BlackElo "2410"]
[EventDate "1971.11.13"]
[PlyCount "101"]
[Source "Perpetual Check"]

1.e4 c5 2.Nf3 Nc6 3.Bb5 e6 4.O-O Nge7 5.Re1 a6 6.Bf1 g6 7.c3 Bg7 8.d4 cxd4
9.cxd4 d5 10.e5 Nf5 11.Nc3 O-O 12.b3 b5 13.Bf4 Bd7 14.Qd2 Rc8 15.Ne2 Qa5 
16.Qxa5 Nxa5 17.Ng3 Nxg3 18.hxg3 Nc6 19.Bd2 f6 20.a4 Rb8 21.axb5 axb5 22.
exf6 Bxf6 23.Be3 Rb7 24.Rec1 e5 25.dxe5 Nxe5 26.Nxe5 Bxe5 27.Ra6 d4 28.Bh6
Re8 29.Bd3 Bb8 30.Bf4 Bxf4 31.gxf4 Re6 32.Ra8+ Kg7 33.b4 Re7 34.Kf1 Be6 
35.Rd8 Red7 36.Rxd7+ Rxd7 37.Rc5 Ra7 38.Bxb5 Ra1+ 39.Ke2 Rb1 40.Bc4 Bf5 
41.Rc7+ Kh8 42.b5 d3+ 43.Kd2 Rb2+ 44.Ke3 Re2+ 45.Kd4 Rb2 46.g4 d2 47.Be2 
Rxb5 48.gxf5 Rb1 49.Ke5 d1=Q 50.Rc8+ Kg7 51.f6+ 1-0

[Event "5th Solidarity it"]
[Site "Skopje YUG"]
[Date "1971.11.13"]
[Round "1"]
[White "Polugaevsky, Lev"]
[Black "Planinc, Albin"]
[Result "1-0"]
[WhiteElo "2640"]
[BlackElo "2510"]
[EventDate "1971.11.13"]
[PlyCount "61"]
[Source "Perpetual Check"]

1.Nf3 Nf6 2.g3 d5 3.Bg2 c6 4.b3 Bf5 5.Bb2 e6 6.O-O Be7 7.d3 h6 8.Nbd2 O-O 
9.Qe1 Bh7 10.e4 dxe4 11.dxe4 Na6 12.Qe2 Nc5 13.Ne5 Qc7 14.Kh1 Rad8 15.f4 
Ne8 16.Rad1 Nd6 17.Qe3 Na6 18.a3 Bf6 19.g4 Nc8 20.Qg3 Qe7 21.g5 hxg5 22.
fxg5 Bxg5 23.Ndf3 Bf6 24.Nxc6 bxc6 25.e5 Bh4 26.Nxh4 Bxc2 27.Rc1 Bh7 28.
Rg1 Rd3 29.Qg4 Re3 30.Bd4 Rd3 31.Bf1 1-0

[Event "5th Solidarity it"]
[Site "Skopje YUG"]
[Date "1971.11.14"]
[Round "2"]
[White "Damjanovic, Mato"]
[Black "Planinc, Albin"]
[Result "0-1"]
[WhiteElo "2490"]
[BlackElo "2510"]
[EventDate "1971.11.13"]
[PlyCount "94"]
[Source "Perpetual Check"]

1.Nf3 Nf6 2.d4 g6 3.Bg5 Bg7 4.Nbd2 O-O 5.e4 d5 6.Bxf6 Bxf6 7.exd5 Qxd5 8.
Bc4 Qd8 9.c3 Nd7 10.Ne4 Bg7 11.O-O c6 12.Re1 Qc7 13.Neg5 Nb6 14.Bb3 Nd5 
15.Qe2 h6 16.Ne4 b6 17.Ned2 e6 18.Ne5 Bb7 19.c4 Ne7 20.c5 Nf5 21.Ndf3 Rad8
22.Rad1 Bxe5 23.dxe5 bxc5 24.Bc2 Nd4 25.Nxd4 cxd4 26.Qg4 c5 27.Qh4 Kh7 28.
Rd3 Qc6 29.Rg3 d3 30.Bd1 d2 31.Ree3 Rd4 32.Qe7 Kg8 33.h4 Rf4 34.Ref3 Re8 
35.Qxe8+ Qxe8 36.Rxf4 Qb8 37.Re3 f5 38.Rc4 Ba6 39.Rc2 f4 40.Rb3 Qxe5 41.
Kh2 Qe1 42.Rb8+ Kf7 43.Rd8 Qxd1 44.Rcxd2 Qg4 45.b3 Bf1 46.f3 Qxh4+ 47.Kg1 
Bb5 0-1

[Event "5th Solidarity it"]
[Site "Skopje YUG"]
[Date "1971.11.14"]
[Round "2"]
[White "Ostojic, Predrag"]
[Black "Polugaevsky, Lev"]
[Result "0-1"]
[WhiteElo "2430"]
[BlackElo "2640"]
[EventDate "1971.11.13"]
[PlyCount "82"]
[Source "Perpetual Check"]

1.e4 c5 2.Nf3 d6 3.d4 cxd4 4.Nxd4 Nf6 5.Nc3 Nc6 6.Bc4 Qb6 7.Nb3 e6 8.O-O 
Be7 9.Kh1 a6 10.Bg5 Qc7 11.Bd3 O-O 12.f4 h6 13.Bxf6 Bxf6 14.Qh5 b5 15.Rae1
Bb7 16.e5 dxe5 17.Ne4 Be7 18.f5 exf5 19.Rxf5 Nb4 20.Re3 Nxd3 21.cxd3 Rad8 
22.Nf2 Bc5 23.Rg3 Bxf2 24.Rxf2 Qd6 25.Nc5 Bd5 26.b4 a5 27.a3 axb4 28.axb4 
Kh7 29.Qg4 g6 30.h4 f5 31.Qd1 e4 32.Rh3 Qe5 33.dxe4 Bxe4 34.Nd7 Rfe8 35.
Rd2 Qg7 36.Rd6 f4 37.Qd4 Qxd4 38.Rxd4 Kg7 39.Ra3 Re7 40.Ra7 Bf5 41.Nc5 
Rxd4 0-1

[Event "5th Solidarity it"]
[Site "Skopje YUG"]
[Date "1971.11.14"]
[Round "2"]
[White "Rajkovic, Dusan"]
[Black "Gufeld, Eduard"]
[Result "1/2-1/2"]
[WhiteElo "2410"]
[BlackElo "2520"]
[EventDate "1971.11.13"]
[PlyCount "38"]
[Source "Perpetual Check"]

1.e4 c5 2.Nf3 Nc6 3.d4 cxd4 4.Nxd4 Qb6 5.Nb3 Nf6 6.Bd3 d5 7.exd5 Nxd5 8.
O-O g6 9.Qf3 Be6 10.c4 Nf6 11.Bf4 Bg7 12.Nc3 O-O 13.Nb5 Rac8 14.Bc7 Rxc7 
15.c5 Ne5 16.cxb6 Nxf3+ 17.gxf3 Rd7 18.Nc5 Rxd3 19.Nxd3 axb6 1/2-1/2

[Event "5th Solidarity it"]
[Site "Skopje YUG"]
[Date "1971.11.14"]
[Round "2"]
[White "Ilievski, Dimitar"]
[Black "Nicevski, Risto"]
[Result "1/2-1/2"]
[WhiteElo "2280"]
[BlackElo "2410"]
[EventDate "1971.11.13"]
[PlyCount "49"]
[Source "Perpetual Check"]

1.e4 c5 2.Nf3 d6 3.Bb5+ Bd7 4.Bxd7+ Qxd7 5.O-O Nc6 6.c3 Nf6 7.Re1 e6 8.d4 
cxd4 9.cxd4 d5 10.e5 Ne4 11.Nbd2 Nxd2 12.Bxd2 Be7 13.Bg5 Bb4 14.Bd2 a5 15.
Bxb4 axb4 16.Qd3 h6 17.a3 bxa3 18.Rxa3 Rxa3 19.Qxa3 Qe7 20.Qa8+ Nd8 21.Qa5
Qd7 22.Qa3 Qe7 23.Qa4+ Qd7 24.Qa3 Qe7 25.Qa4+ 1/2-1/2

[Event "5th Solidarity it"]
[Site "Skopje YUG"]
[Date "1971.11.14"]
[Round "2"]
[White "Langeweg, Christian"]
[Black "Bilek, Istvan"]
[Result "1/2-1/2"]
[WhiteElo "2425"]
[BlackElo "2490"]
[EventDate "1971.11.13"]
[PlyCount "36"]
[Source "Perpetual Check"]

1.Nf3 g6 2.d4 Bg7 3.e4 c5 4.c4 d6 5.d5 Nf6 6.Nc3 O-O 7.Be2 Bg4 8.O-O Nbd7 
9.Ne1 Bxe2 10.Qxe2 a6 11.a4 e6 12.Nc2 exd5 13.cxd5 Re8 14.f3 Qc7 15.Na3 
Rac8 16.Be3 Ne5 17.Rfc1 Qe7 18.b3 Rc7 1/2-1/2

[Event "5th Solidarity it"]
[Site "Skopje YUG"]
[Date "1971.11.14"]
[Round "2"]
[White "Westerinen, Heikki"]
[Black "Janosevic, Dragoljub"]
[Result "1/2-1/2"]
[WhiteElo "2435"]
[BlackElo "2450"]
[EventDate "1971.11.13"]
[PlyCount "102"]
[Source "Perpetual Check"]

1.e4 c5 2.b3 Nc6 3.Bb2 e6 4.Nf3 Nf6 5.e5 Nd5 6.c4 Nde7 7.Nc3 Nf5 8.Bd3 
Nfd4 9.Nb5 d6 10.exd6 Bxd6 11.Nfxd4 Nxd4 12.Nxd4 cxd4 13.Qg4 Be5 14.O-O f5
15.Qe2 Qf6 16.Rfe1 Bd6 17.Rac1 O-O 18.c5 Bc7 19.c6 b6 20.Ba6 Bxa6 21.Qxa6 
e5 22.f4 exf4 23.Qc4+ Rf7 24.Re6 b5 25.Rxf6 bxc4 26.Rxf7 Kxf7 27.Bxd4 cxb3
28.axb3 a5 29.Ra1 Ra6 30.b4 Rxc6 31.bxa5 Ra6 32.Bc3 g5 33.Kf1 g4 34.Ke2 
Ke6 35.Rb1 h5 36.Rb5 f3+ 37.gxf3 Bxh2 38.Rb7 Be5 39.d4 Bxd4 40.Bxd4 gxf3+ 
41.Kxf3 Rxa5 42.Rh7 Ra4 43.Bf2 h4 44.Bxh4 Ra3+ 45.Kg2 f4 46.Rh5 Rb3 47.Be1
Ra3 48.Kf2 Rb3 49.Ba5 Ra3 50.Bc7 Rb3 51.Bxf4 Ra3 1/2-1/2

[Event "5th Solidarity it"]
[Site "Skopje YUG"]
[Date "1971.11.14"]
[Round "2"]
[White "Tringov, Georgi"]
[Black "Bukic, Enver"]
[Result "0-1"]
[WhiteElo "2490"]
[BlackElo "2465"]
[EventDate "1971.11.13"]
[PlyCount "82"]
[Source "Perpetual Check"]

1.e4 c5 2.Nf3 d6 3.d4 cxd4 4.Nxd4 Nf6 5.Nc3 a6 6.Bc4 e6 7.Bb3 b5 8.f4 Bb7 
9.f5 e5 10.Nde2 Nbd7 11.Ng3 Be7 12.Bg5 Rc8 13.Bxf6 Nxf6 14.Qd3 Qc7 15.
O-O-O O-O 16.Qe2 b4 17.Nd5 Bxd5 18.Bxd5 a5 19.Kb1 a4 20.Rd3 Qc5 21.Rc1 h6 
22.h4 b3 23.axb3 axb3 24.Rc3 Qa5 25.Rxb3 Nxd5 26.exd5 Qxd5 27.Ne4 Rc4 28.
Nc3 Qc6 29.g3 Ra8 30.Rd1 Rc5 31.Rb5 Rxc3 32.bxc3 Qxc3 33.Rb2 Qa3 34.c3 
Qxc3 35.Qd3 Qa5 36.Qc4 e4 37.Qb5 Qa3 38.Qb3 Qa1+ 39.Kc2 Qa5 40.Qb5 Qc7+ 
41.Kd2 Bf6 0-1

[Event "5th Solidarity it"]
[Site "Skopje YUG"]
[Date "1971.11.15"]
[Round "3"]
[White "Bukic, Enver"]
[Black "Damjanovic, Mato"]
[Result "1/2-1/2"]
[WhiteElo "2465"]
[BlackElo "2490"]
[EventDate "1971.11.13"]
[PlyCount "46"]
[Source "Perpetual Check"]

1.Nf3 Nf6 2.c4 c5 3.Nc3 g6 4.g3 Bg7 5.Bg2 O-O 6.O-O Nc6 7.d4 cxd4 8.Nxd4 
Nxd4 9.Qxd4 d6 10.Qd3 Nd7 11.b3 Nc5 12.Qd2 Bd7 13.Bb2 a5 14.Nd5 Bxb2 15.
Qxb2 Bc6 16.h4 Bxd5 17.Bxd5 e6 18.Bf3 Qe7 19.Rad1 f5 20.e3 Rfd8 21.Rd2 Qg7
22.Rfd1 Qxb2 23.Rxb2 Kf7 1/2-1/2

[Event "5th Solidarity it"]
[Site "Skopje YUG"]
[Date "1971.11.15"]
[Round "3"]
[White "Janosevic, Dragoljub"]
[Black "Tringov, Georgi"]
[Result "1/2-1/2"]
[WhiteElo "2450"]
[BlackElo "2490"]
[EventDate "1971.11.13"]
[PlyCount "59"]
[Source "Perpetual Check"]

1.e4 d6 2.d4 Nf6 3.Nc3 g6 4.Nf3 Bg7 5.Be2 O-O 6.O-O Nc6 7.d5 Nb8 8.Re1 c6 
9.Bf1 Bg4 10.h3 Bxf3 11.Qxf3 Nbd7 12.dxc6 bxc6 13.Be3 Qc7 14.Rad1 Rab8 15.
Bc1 Nb6 16.g4 Rfe8 17.Qg3 e5 18.f4 d5 19.f5 Nxe4 20.Nxe4 dxe4 21.Bg2 Nd5 
22.Bxe4 Nf6 23.fxg6 hxg6 24.Bg2 Qa5 25.a3 e4 26.b4 Qa4 27.Qb3 Qb5 28.Bf4 
Rbd8 29.c4 Qb7 30.Bd6 1/2-1/2

[Event "5th Solidarity it"]
[Site "Skopje YUG"]
[Date "1971.11.15"]
[Round "3"]
[White "Bilek, Istvan"]
[Black "Westerinen, Heikki"]
[Result "1/2-1/2"]
[WhiteElo "2490"]
[BlackElo "2435"]
[EventDate "1971.11.13"]
[PlyCount "40"]
[Source "Perpetual Check"]

1.c4 g6 2.g3 Bg7 3.Bg2 Nf6 4.Nc3 O-O 5.e4 c5 6.Nge2 Nc6 7.d3 d6 8.O-O Bd7 
9.h3 a6 10.Be3 Rb8 11.Qd2 Bh8 12.f4 b5 13.Rad1 Qb6 14.b3 Nd4 15.f5 Bc6 16.
Kh2 Nxe2 17.Qxe2 Bg7 18.Nd5 Nxd5 19.exd5 Bd7 20.Be4 a5 1/2-1/2

[Event "5th Solidarity it"]
[Site "Skopje YUG"]
[Date "1971.11.15"]
[Round "3"]
[White "Nicevski, Risto"]
[Black "Langeweg, Christian"]
[Result "1-0"]
[WhiteElo "2410"]
[BlackElo "2425"]
[EventDate "1971.11.13"]
[PlyCount "41"]
[Source "Perpetual Check"]

1.e4 c5 2.Nf3 e6 3.d4 cxd4 4.Nxd4 Nc6 5.Nc3 Qc7 6.Be3 a6 7.Bd3 Nf6 8.O-O 
Ne5 9.h3 Bc5 10.Qe2 d6 11.f4 Ng6 12.Nb3 Bxe3+ 13.Qxe3 O-O 14.Rad1 b5 15.e5
dxe5 16.Bxg6 hxg6 17.fxe5 Nd7 18.Rd6 f6 19.Rxe6 Nxe5 20.Nd5 Qa7 21.Ne7+ 
1-0

[Event "5th Solidarity it"]
[Site "Skopje YUG"]
[Date "1971.11.15"]
[Round "3"]
[White "Gufeld, Eduard"]
[Black "Ilievski, Dimitar"]
[Result "1/2-1/2"]
[WhiteElo "2520"]
[BlackElo "2280"]
[EventDate "1971.11.13"]
[PlyCount "80"]
[Source "Perpetual Check"]

1.e4 d5 2.exd5 Qxd5 3.Nc3 Qa5 4.d4 c6 5.Nf3 Nf6 6.Bc4 Bg4 7.h3 Bxf3 8.Qxf3
e6 9.Bd2 Qc7 10.O-O-O Nbd7 11.Rhe1 O-O-O 12.Bb3 Nb6 13.Ne2 c5 14.Bf4 Bd6 
15.dxc5 Qxc5 16.Be3 Qc6 17.Qxc6+ bxc6 18.a3 Nfd5 19.Bd2 Bc5 20.Rf1 Rd7 21.
c4 Nf6 22.Nc3 Rhd8 23.Kc2 h6 24.f3 Kb7 25.Na4 Bd4 26.Bb4 Nxa4 27.Bxa4 Be3 
28.Rxd7+ Rxd7 29.Re1 Bf4 30.Bc3 Bg3 31.Rb1 a6 32.b4 Rd8 33.b5 axb5 34.cxb5
c5 35.Bb3 Nd5 36.Bd2 Nb6 37.Ba5 Ra8 38.Bxb6 Kxb6 39.a4 c4 40.Bxc4 Rxa4 
1/2-1/2

[Event "5th Solidarity it"]
[Site "Skopje YUG"]
[Date "1971.11.15"]
[Round "3"]
[White "Polugaevsky, Lev"]
[Black "Sofrevski, Jovan"]
[Result "1-0"]
[WhiteElo "2640"]
[BlackElo "2410"]
[EventDate "1971.11.13"]
[PlyCount "69"]
[Source "Perpetual Check"]

1.Nf3 Nf6 2.g3 b6 3.Bg2 Bb7 4.O-O c5 5.d3 g6 6.e4 d6 7.Nc3 Bg7 8.Nh4 Nc6 
9.f4 Nd7 10.Be3 Nd4 11.Qd2 e5 12.Nd5 Bxd5 13.exd5 Bf6 14.c3 Bxh4 15.fxe5 
Nxe5 16.cxd4 cxd4 17.Bh6 Be7 18.Rae1 Rg8 19.Qf2 f5 20.Qxd4 Kf7 21.Qe3 Ke8 
22.Bf4 Nf7 23.Qd4 Kf8 24.Re6 Bg5 25.g4 Bxf4 26.Qxf4 Qh4 27.gxf5 Qxf4 28.
Rxf4 Rc8 29.f6 g5 30.Rc4 Rxc4 31.dxc4 g4 32.Kf2 Rg5 33.Kg3 h5 34.Be4 a6 
35.b3 1-0

[Event "5th Solidarity it"]
[Site "Skopje YUG"]
[Date "1971.11.15"]
[Round "3"]
[White "Planinc, Albin"]
[Black "Ostojic, Predrag"]
[Result "1-0"]
[WhiteElo "2510"]
[BlackElo "2430"]
[EventDate "1971.11.13"]
[PlyCount "81"]
[Source "Perpetual Check"]

1.b3 e5 2.Bb2 Nc6 3.c4 Nf6 4.e3 Be7 5.Nf3 e4 6.Nd4 Nxd4 7.Bxd4 O-O 8.Nc3 
Re8 9.Qc2 d6 10.Nxe4 Bf5 11.Nxf6+ Bxf6 12.Qxf5 Bxd4 13.Rb1 c6 14.Be2 g6 
15.Qc2 Bg7 16.O-O a5 17.Bf3 Qe7 18.d4 Qc7 19.g3 Qb6 20.a3 Qc7 21.Rfd1 Re7 
22.b4 axb4 23.axb4 Ree8 24.b5 c5 25.dxc5 dxc5 26.Rd3 Red8 27.Rbd1 Bf6 28.
Bd5 Kg7 29.Qe2 Ra4 30.Kg2 Rd7 31.Bf3 Re7 32.Qc2 Qa5 33.Rd7 Ra2 34.Qc1 b6 
35.Rxe7 Bxe7 36.Rd7 Kf8 37.Bc6 Bf6 38.Bd5 Be7 39.Qd1 f6 40.Qf3 f5 41.Qf4 
1-0

[Event "5th Solidarity it"]
[Site "Skopje YUG"]
[Date "1971.11.17"]
[Round "4"]
[White "Sofrevski, Jovan"]
[Black "Planinc, Albin"]
[Result "0-1"]
[WhiteElo "2410"]
[BlackElo "2510"]
[EventDate "1971.11.13"]
[PlyCount "70"]
[Source "Perpetual Check"]

1.Nf3 Nf6 2.c4 b6 3.g3 c5 4.Bg2 Bb7 5.O-O g6 6.Nc3 Bg7 7.d3 O-O 8.e4 Nc6 
9.h3 d6 10.Be3 Rc8 11.Qd2 Nd7 12.b3 Nde5 13.Ne1 Nd4 14.Rb1 f5 15.f4 Nec6 
16.Ne2 Rc7 17.Kh2 e5 18.exf5 Nxf5 19.Bg1 Ncd4 20.Bxb7 Rxb7 21.Nxd4 cxd4 
22.Ng2 Rbf7 23.Bf2 Bh6 24.Qe2 exf4 25.gxf4 d5 26.Rbe1 dxc4 27.bxc4 Qc7 28.
Qe4 Bg7 29.Kg1 Qd6 30.Qf3 g5 31.Re4 gxf4 32.Qxf4 Qa3 33.Qg4 Qxd3 34.Bxd4 
h5 35.Qg6 Qxe4 0-1

[Event "5th Solidarity it"]
[Site "Skopje YUG"]
[Date "1971.11.17"]
[Round "4"]
[White "Langeweg, Christian"]
[Black "Gufeld, Eduard"]
[Result "0-1"]
[WhiteElo "2425"]
[BlackElo "2520"]
[EventDate "1971.11.13"]
[PlyCount "54"]
[Source "Perpetual Check"]

1.d4 Nf6 2.c4 c5 3.Nf3 cxd4 4.Nxd4 e6 5.e3 Nc6 6.Be2 d5 7.O-O Bd6 8.Nc3 
O-O 9.b3 Be5 10.cxd5 exd5 11.Ba3 Nxd4 12.exd4 Bd6 13.Bxd6 Qxd6 14.Rc1 Bd7 
15.Na4 Bxa4 16.bxa4 Rfe8 17.Re1 Rac8 18.Rb1 Rc7 19.Bf1 Rce7 20.Rxe7 Rxe7 
21.a5 g6 22.a6 bxa6 23.Qb3 Kg7 24.Qb4 Qc7 25.Bxa6 Re6 26.Bf1 Rb6 27.Qa5 
Ng4 0-1

[Event "5th Solidarity it"]
[Site "Skopje YUG"]
[Date "1971.11.17"]
[Round "4"]
[White "Westerinen, Heikki"]
[Black "Nicevski, Risto"]
[Result "1/2-1/2"]
[WhiteElo "2435"]
[BlackElo "2410"]
[EventDate "1971.11.13"]
[PlyCount "94"]
[Source "Perpetual Check"]

1.e4 c5 2.Nf3 d6 3.Bb5+ Bd7 4.Qe2 Bxb5 5.Qxb5+ Qd7 6.a4 Nc6 7.O-O Nf6 8.d3
e6 9.Na3 Be7 10.Nc4 O-O 11.Bg5 Rfd8 12.e5 dxe5 13.Nfxe5 Nxe5 14.Nxe5 Qc7 
15.Bxf6 Bxf6 16.Nc4 Rd5 17.Rae1 Bd4 18.Re4 Rb8 19.a5 Qd7 20.Qxd7 Rxd7 21.
Rb1 b5 22.axb6 axb6 23.Ra1 b5 24.Ne5 Rc7 25.Ra2 Kf8 26.Kf1 Ke7 27.Ra6 Bxe5
28.Rxe5 Rbc8 29.Ke2 Rc6 30.Ra5 b4 31.Kd2 c4 32.d4 c3+ 33.bxc3 Rxc3 34.Rec5
Rc4 35.Rxc8 Rxc8 36.Rc5 Rb8 37.Rc7+ Kf6 38.Kc1 b3 39.c4 Rd8 40.c5 Rxd4 41.
c6 e5 42.Kb2 Ke6 43.Kxb3 Rd1 44.Rc8 Rb1+ 45.Kc2 Rb6 46.Rc7 g6 47.Kd3 f6 
1/2-1/2

[Event "5th Solidarity it"]
[Site "Skopje YUG"]
[Date "1971.11.17"]
[Round "4"]
[White "Tringov, Georgi"]
[Black "Bilek, Istvan"]
[Result "1/2-1/2"]
[WhiteElo "2490"]
[BlackElo "2490"]
[EventDate "1971.11.13"]
[PlyCount "62"]
[Source "Perpetual Check"]

1.e4 c6 2.d3 d5 3.Nd2 g6 4.Ngf3 Bg7 5.g3 Nf6 6.Bg2 O-O 7.O-O a5 8.Qe2 e6 
9.e5 Nfd7 10.Re1 c5 11.Nf1 Nc6 12.Bf4 a4 13.a3 Ra6 14.h4 f6 15.exf6 Nxf6 
16.c3 Nh5 17.Be3 Qd6 18.d4 cxd4 19.cxd4 Rb6 20.N1h2 Rb3 21.Rad1 Na5 22.Ne5
Nf6 23.Nhf3 Qb6 24.Bc1 Ne4 25.Qc2 Nc6 26.Rxe4 dxe4 27.Qxe4 Rb5 28.Nxc6 
Qxc6 29.Qe2 Rbf5 30.Ne5 Qa6 31.Qxa6 bxa6 1/2-1/2

[Event "5th Solidarity it"]
[Site "Skopje YUG"]
[Date "1971.11.17"]
[Round "4"]
[White "Bukic, Enver"]
[Black "Janosevic, Dragoljub"]
[Result "1-0"]
[WhiteElo "2465"]
[BlackElo "2450"]
[EventDate "1971.11.13"]
[PlyCount "71"]
[Source "Perpetual Check"]

1.d4 d5 2.c4 e6 3.Nf3 Nf6 4.g3 c6 5.Qc2 Be7 6.Bg2 O-O 7.O-O Nbd7 8.b3 b6 
9.Bb2 Bb7 10.Nc3 Rc8 11.Rad1 Qc7 12.e4 Rfd8 13.Rfe1 Bb4 14.Nd2 Qb8 15.a3 
Bf8 16.e5 Ne8 17.Nf3 Nc7 18.cxd5 cxd5 19.Ng5 g6 20.Qd2 h6 21.Nh3 b5 22.f4 
a5 23.g4 b4 24.axb4 axb4 25.Ne2 f5 26.gxf5 exf5 27.Ng3 Ne6 28.Nf1 Be7 29.
Ne3 Ndf8 30.Rc1 Rc7 31.Bf3 Kh7 32.Kh1 Rxc1 33.Rxc1 Nc7 34.Qg2 Nfe6 35.Rg1 
Rg8 36.Nxd5 1-0

[Event "5th Solidarity it"]
[Site "Skopje YUG"]
[Date "1971.11.18"]
[Round "5"]
[White "Janosevic, Dragoljub"]
[Black "Damjanovic, Mato"]
[Result "1/2-1/2"]
[WhiteElo "2450"]
[BlackElo "2490"]
[EventDate "1971.11.13"]
[PlyCount "22"]
[Source "Perpetual Check"]

1.e4 c5 2.Nf3 Nc6 3.d4 cxd4 4.Nxd4 Qc7 5.Nc3 e6 6.g3 a6 7.Bg2 Nf6 8.O-O 
Be7 9.Re1 O-O 10.Nxc6 dxc6 11.e5 Rd8 1/2-1/2

[Event "5th Solidarity it"]
[Site "Skopje YUG"]
[Date "1971.11.18"]
[Round "5"]
[White "Bilek, Istvan"]
[Black "Bukic, Enver"]
[Result "1/2-1/2"]
[WhiteElo "2490"]
[BlackElo "2465"]
[EventDate "1971.11.13"]
[PlyCount "29"]
[Source "Perpetual Check"]

1.d4 d5 2.c4 c6 3.Nf3 Nf6 4.cxd5 cxd5 5.Nc3 Nc6 6.Bf4 e6 7.e3 Bd6 8.Bxd6 
Qxd6 9.Bd3 O-O 10.O-O Bd7 11.Qe2 Rac8 12.Rac1 Rfd8 13.Rfd1 Be8 14.h3 a6 
15.Bb1 1/2-1/2

[Event "5th Solidarity it"]
[Site "Skopje YUG"]
[Date "1971.11.18"]
[Round "5"]
[White "Nicevski, Risto"]
[Black "Tringov, Georgi"]
[Result "1/2-1/2"]
[WhiteElo "2410"]
[BlackElo "2490"]
[EventDate "1971.11.13"]
[PlyCount "129"]
[Source "Perpetual Check"]

1.e4 g6 2.d4 Bg7 3.Nc3 d6 4.f4 Nc6 5.Be3 Nf6 6.h3 O-O 7.g4 a6 8.Bg2 Nd7 9.
Nge2 e5 10.dxe5 dxe5 11.f5 Bh6 12.Bf2 Nb6 13.Bxb6 cxb6 14.Qxd8 Rxd8 15.Nd5
Nb4 16.Nxb4 Bd2+ 17.Kf2 Bxb4 18.Rhd1 Bd7 19.a3 Bc5+ 20.Ke1 Bc6 21.Nc3 gxf5
22.gxf5 Bd4 23.Rd3 Kg7 24.Rad1 Kf6 25.Rg3 Bxc3+ 26.bxc3 Rxd1+ 27.Kxd1 Bb5 
28.Kc1 Rc8 29.h4 h6 30.Bh1 Rc4 31.Bg2 Bc6 32.Re3 Ke7 33.Kb2 Kd6 34.Kc1 Kc5
35.Kb2 Kd6 36.Kc1 Ke7 37.Kb2 f6 38.Kc1 Be8 39.Rg3 Bf7 40.Kb2 Rc8 41.Bf3 
Rd8 42.Kc1 Kf8 43.Be2 b5 44.Rg2 Ke7 45.Rg7 Rg8 46.Rxg8 Bxg8 47.Kd2 Kd6 48.
Bh5 Bc4 49.Be8 Kc5 50.Bh5 Kb6 51.Kc1 Ka5 52.Kb2 Bf1 53.Bf3 Ka4 54.Ka2 Ka5 
55.Kb2 Kb6 56.Kc1 Kc5 57.Kd2 a5 58.Bh1 b4 59.axb4+ axb4 60.cxb4+ Kxb4 61.
Bf3 Kc5 62.c3 b5 63.Bh5 b4 64.Bf7 Bc4 65.cxb4+ 1/2-1/2